Поиск технологического решения создания скульптуры при литье по газифицируемым моделям; Труды Академии Технической Эстетики и Дизайна; № 2
| Parent link: | Труды Академии Технической Эстетики и Дизайна: научно-практический рецензируемый журнал.— , 2015-.— 2307-9460 № 2.— 2013.— [С. 7-11] |
|---|---|
| מחבר ראשי: | |
| Corporate Authors: | , |
| מחברים אחרים: | |
| סיכום: | Заглавие с экрана Исследуется особенность трансляции архетипов в визуальных образах дизайна, связанная со спецификой организации композиции, выбором образной структуры и колористического решения. На примере анализа дизайна декоративного панно Arbor Mundi показано, как врожденные модели организации опыта направляют процессы формообразования и способствуют созданию гармоничных образов с глубоким смысловым наполнением. The author investigates the features of translation of archetypes in design of visual images associated with the specific organization of the composition, choice of image structure and color palette. The analysis of design of decorative panel Arbor Mundi shows how the innate models of organizing the experience guide the process of shaping and promote the creation of harmonious images with the deep semantic content. Режим доступа: по договору с организацией-держателем ресурса |
| שפה: | רוסית |
| יצא לאור: |
2013
|
| סדרה: | Передовые технологии и материалы в дизайне |
| נושאים: | |
| גישה מקוונת: | http://elibrary.ru/item.asp?id=21459842 http://academy-tad.ru/m.files/2013%20No%202.pdf#page=7 |
| פורמט: | MixedMaterials אלקטרוני Book Chapter |
| KOHA link: | https://koha.lib.tpu.ru/cgi-bin/koha/opac-detail.pl?biblionumber=648310 |
MARC
| LEADER | 00000naa0a2200000 4500 | ||
|---|---|---|---|
| 001 | 648310 | ||
| 005 | 20250905163842.0 | ||
| 035 | |a (RuTPU)RU\TPU\network\13467 | ||
| 090 | |a 648310 | ||
| 100 | |a 20160517d2013 k||y0rusy50 ca | ||
| 101 | 0 | |a rus | |
| 102 | |a RU | ||
| 135 | |a drcn ---uucaa | ||
| 181 | 0 | |a i | |
| 182 | 0 | |a b | |
| 200 | 1 | |a Поиск технологического решения создания скульптуры при литье по газифицируемым моделям |d Search for technology of creating a sculpture by lost foam casting |f О. М. Утьев, А. А. Лукьянченко | |
| 203 | |a Текст |c электронный | ||
| 225 | 1 | |a Передовые технологии и материалы в дизайне | |
| 300 | |a Заглавие с экрана | ||
| 320 | |a [Библиогр.: с. 11 (6 назв.)] | ||
| 330 | |a Исследуется особенность трансляции архетипов в визуальных образах дизайна, связанная со спецификой организации композиции, выбором образной структуры и колористического решения. На примере анализа дизайна декоративного панно Arbor Mundi показано, как врожденные модели организации опыта направляют процессы формообразования и способствуют созданию гармоничных образов с глубоким смысловым наполнением. | ||
| 330 | |a The author investigates the features of translation of archetypes in design of visual images associated with the specific organization of the composition, choice of image structure and color palette. The analysis of design of decorative panel Arbor Mundi shows how the innate models of organizing the experience guide the process of shaping and promote the creation of harmonious images with the deep semantic content. | ||
| 333 | |a Режим доступа: по договору с организацией-держателем ресурса | ||
| 461 | 0 | |0 (RuTPU)RU\TPU\prd\256799 |x 2307-9460 |t Труды Академии Технической Эстетики и Дизайна |o научно-практический рецензируемый журнал |d 2015- | |
| 463 | |t № 2 |v [С. 7-11] |d 2013 | ||
| 510 | 1 | |a Search for technology of creating a sculpture by lost foam casting |z eng | |
| 610 | 1 | |a электронный ресурс | |
| 610 | 1 | |a труды учёных ТПУ | |
| 610 | 1 | |a сплавы | |
| 610 | 1 | |a художественное литье | |
| 610 | 1 | |a пенополистирол | |
| 700 | 1 | |a Утьев |b О. М. |c специалист в области материаловедения |c старший преподаватель Томского политехнического университета |f 1964- |g Олег Михайлович |3 (RuTPU)RU\TPU\pers\26500 |9 12202 | |
| 701 | 1 | |a Лукьянченко |b А. А. |g Анна Андреевна | |
| 712 | 0 | 2 | |a Национальный исследовательский Томский политехнический университет (ТПУ) |b Институт кибернетики (ИК) |b Кафедра автоматизации и роботизации в машиностроении (АРМ) |3 (RuTPU)RU\TPU\col\18704 |
| 712 | 0 | 2 | |a Национальный исследовательский Томский политехнический университет (ТПУ) |b Институт физики высоких технологий (ИФВТ) |b Кафедра материаловедения и технологии металлов (МТМ) |3 (RuTPU)RU\TPU\col\18689 |
| 801 | 1 | |a RU |b 63413507 |c 20141010 | |
| 801 | 2 | |a RU |b 63413507 |c 20190314 |g RCR | |
| 856 | 4 | |u http://elibrary.ru/item.asp?id=21459842 | |
| 856 | 4 | 0 | |u http://academy-tad.ru/m.files/2013%20No%202.pdf#page=7 |
| 942 | |c CF | ||